000 00689nam a22002417a 4500
003 UA-OsUOA
001 52068
007 ta
008 20150525b un ||||| |||| 00| 0 ukr d
100 _aСтебельська С.
090 _a82-3
_bС79
942 _cBK
040 _aUA-OsUOA
_bukr
_cUA-OsUOA
_dUA-OsUOA
245 _aПовісті й оповідання
300 _a304 с.
955 _a3
041 _aukr
080 _a82-3
260 _aДенвер
_c2000
650 7 _a82 Література. Літературознавство
_2UDC
999 _c432193
_d432193